[Event "Leipzig BKL"]
[Site "Leipzig"]
[Date "1988.01.19"]
[Round "9"]
[White "Perenyi, Bela"]
[Black "Paehtz, Thomas Sr"]
[Result "0-1"]
[WhiteElo "2370"]
[BlackElo "2500"]
[PlyCount "154"]
[EventDate "1988.01.11"]
[EventType "tourn"]
[EventRounds "11"]
[EventCountry "DDR"]
[EventCategory "8"]
[SourceTitle "CBM 007"]
[Source "ChessBase"]
[SourceDate "1988.12.01"]
[SourceVersion "1"]
[SourceVersionDate "1988.12.01"]
[SourceQuality "1"]

1. e4 g6 2. d4 Bg7 3. Nc3 a6 4. Be3 b5 5. Qd2 Bb7 6. f3 d6 7. a4 c6 8. Bd3 Nd7 9. Nge2 Ngf6 10. 0-0 0-0 11. Nd1 e5 12. c3 d5 13. Nf2 Re8 14. Bg5 Qc7 15. Bc2 c5 16. dxc5 Qxc5 17. Kh1 Nb6 18. a5 Nc4 19. Qc1 Rac8 20. exd5 Nxd5 21. Ne4 Qc7 22. b4 f6 23. Bh6 Bxh6 24. Qxh6 Qg7 25. Qh4 g5 26. Qh5 Nde3 27. Rfc1 Bxe4 28. fxe4 Qg6 29. Qf3 g4 30. Qf2 Red8 31. Bb3 Qxe4 32. Ng3 Qf4 33. Qe2 Kh8 34. Bxc4 Rxc4 35. Nh5 Qh6 36. Nxf6 Rf8 37. Nh5 g3 38. Nxg3 Rh4 39. h3 Rg8 40. Qf2 Nxg2 41. Kxg2 Rxh3 42. Rh1 Rhxg3+ 43. Qxg3 Qd2+ 44. Kh3 Rxg3+ 45. Kxg3 Qxc3+ 46. Kg4 Qxb4+ 47. Kf5 Qf4+ 48. Ke6 e4 49. Kd5 e3 50. Kc6 b4 51. Kb7 Qc4 52. Rhc1 Qb5+ 53. Ka7 e2 54. Rc7 b3 55. Rb7 Qd3 56. Rb8+ Kg7 57. Rg1+ Kf6 58. Rb6+ Kf5 59. Rh1 b2 60. Rh5+ Kg4 61. Rh1 Kg3 62. Rxb2 Qd1 63. Rb1 Qd3 64. Rb7 Qe3+ 65. Kxa6 Qe6+ 66. Rb6 e1Q 67. Rxe1 Qxe1 68. Rb5 h5 69. Kb7 Qe4+ 70. Kc7 h4 71. a6 h3 72. a7 Qa8 73. Rb3+ Kg4 74. Ra3 h2 75. Ra1 h1Q 76. Rxh1 Qxa7+ 77. Kd6 Qb6+ 0-1

[Event "Leipzig BKL"]
[Site "Leipzig"]
[Date "1988.01.15"]
[Round "5"]
[White "Perenyi, Bela"]
[Black "Gruenberg, Hans Ulrich"]
[Result "0-1"]
[WhiteElo "2370"]
[BlackElo "2465"]
[PlyCount "112"]
[EventDate "1988.01.11"]
[EventType "tourn"]
[EventRounds "11"]
[EventCountry "DDR"]
[EventCategory "8"]
[SourceTitle "CBM 007"]
[Source "ChessBase"]
[SourceDate "1988.12.01"]
[SourceVersion "1"]
[SourceVersionDate "1988.12.01"]
[SourceQuality "1"]

1. e4 c5 2. Nf3 Nc6 3. d4 cxd4 4. Nxd4 Qb6 5. Nxc6 bxc6 6. Nc3 d6 7. Bd3 Nf6 8. 0-0 e6 9. Ne2 Be7 10. Ng3 0-0 11. b3 a5 12. Bb2 a4 13. e5 dxe5 14. Bxe5 Ba6 15. c4 Rfd8 16. Qc2 axb3 17. axb3 h6 18. h3 Bb7 19. Rxa8 Bxa8 20. Ra1 Bb7 21. Be2 c5 22. Qc3 Ra8 23. Rxa8+ Bxa8 24. Nh5 Nxh5 25. Bxh5 Bf8 26. Qd2 Qxb3 27. Qf4 f6 28. f3 Qd1+ 29. Kh2 Qd7 30. Bb8 Bb7 31. Bg6 Ba6 32. Qe4 Bb7 33. Qf4 Bc6 34. Qe3 Bd6+ 35. Bxd6 Qxd6+ 36. Kh1 Qd1+ 37. Kh2 Qd6+ 38. Kh1 Kf8 39. Qb3 Be8 40. Be4 f5 41. Bd3 Qd4 42. Qc2 Ke7 43. Qb1 Kf6 44. Bf1 Ba4 45. Qb8 Ke7 46. f4 Bd1 47. Qc7+ Kf6 48. Kh2 Kg6 49. Kh1 Kh7 50. Qb8 Qf2 51. Bd3 Bf3 52. Bxf5+ exf5 53. gxf3 Qxf3+ 54. Kh2 Qf2+ 55. Kh1 Qf1+ 56. Kh2 Qxc4 0-1

[Event "St Ingbert op"]
[Site "St Ingbert"]
[Date "1988.??.??"]
[Round "8"]
[White "Bukal, Vladimir Sr"]
[Black "Perenyi, Bela"]
[Result "1-0"]
[WhiteElo "2380"]
[BlackElo "2455"]
[PlyCount "85"]
[EventDate "1988.08.20"]
[EventType "swiss"]
[EventRounds "9"]
[EventCountry "GER"]
[SourceTitle "EXT 2002"]
[Source "ChessBase"]
[SourceDate "2001.11.25"]
[SourceVersion "1"]
[SourceVersionDate "2001.11.25"]
[SourceQuality "1"]

1. c4 c5 2. g3 g6 3. Bg2 Bg7 4. Nc3 Nc6 5. e3 Nh6 6. Nge2 Nf5 7. a3 0-0 8. Rb1 d6 9. b4 Bd7 10. d3 b6 11. b5 Ne5 12. h3 Be6 13. f4 Nd7 14. Bxa8 Qxa8 15. Kf2 h5 16. Bb2 Nf6 17. e4 Nd4 18. Nxd4 cxd4 19. Ne2 Qc8 20. Kg2 h4 21. g4 Bxg4 22. hxg4 Nxg4 23. Qg1 e5 24. Rxh4 f5 25. Rxg4 fxg4 26. Rf1 d5 27. fxe5 dxe4 28. Qxd4 Rxf1 29. Kxf1 Qf5+ 30. Ke1 exd3 31. Ng3 Qg5 32. Qxd3 Kh7 33. Ke2 Qf4 34. Qc3 Kg8 35. a4 Kh7 36. Bc1 Qf7 37. Ne4 Qe8 38. Bf4 Kg8 39. Qd4 Qe7 40. Qd5+ Kh8 41. Qa8+ Kh7 42. Ng5+ Kh6 43. Qh1# 1-0

[Event "Saint John op-2"]
[Site "Saint John"]
[Date "1988.??.??"]
[Round "?"]
[White "Damljanovic, Branko"]
[Black "Perenyi, Bela"]
[Result "1-0"]
[WhiteElo "2525"]
[BlackElo "2370"]
[PlyCount "83"]
[EventDate "1988.02.08"]
[EventType "swiss"]
[EventRounds "9"]
[EventCountry "CAN"]
[SourceTitle "CBM 006"]
[Source "ChessBase"]
[SourceDate "1988.10.01"]
[SourceVersion "1"]
[SourceVersionDate "1988.10.01"]
[SourceQuality "1"]

1. d4 Nf6 2. Nf3 c5 3. d5 e6 4. Nc3 d6 5. e4 exd5 6. Nxd5 Nxd5 7. Qxd5 Be7 8. Bc4 0-0 9. Qd3 Nd7 10. Bb3 b5 11. Qxb5 a5 12. Qe2 Nb6 13. c4 a4 14. Bc2 Bf6 15. 0-0 Re8 16. Rd1 Bg4 17. Rb1 Be5 18. h3 Bxf3 19. Qxf3 Nxc4 20. b3 Na5 21. bxa4 Qe7 22. Be3 Qe6 23. Rd5 Reb8 24. Rb5 Nc6 25. Bb3 Qe8 26. g3 Na5 27. Rxe5 dxe5 28. Bd5 Nc6 29. Bxc5 Qd7 30. Qb3 Rc8 31. Rb7 Rc7 32. Bxf7+ Kh8 33. Rxc7 Qxc7 34. Bd5 Rb8 35. Qa3 Qc8 36. Kg2 h6 37. Bd6 Rb1 38. Qd3 Rc1 39. a5 Qd7 40. Ba3 Re1 41. Qc3 Rh1 42. g4 1-0

[Event "Berliner Sommer 06th"]
[Site "Berlin West"]
[Date "1988.??.??"]
[Round "6"]
[White "Perenyi, Bela"]
[Black "Michaelsen, Nils"]
[Result "1/2-1/2"]
[WhiteElo "2455"]
[BlackElo "2380"]
[PlyCount "107"]
[EventDate "1988.08.06"]
[EventType "swiss"]
[EventRounds "9"]
[EventCountry "GER"]
[SourceTitle "TD"]
[Source "ChessBase"]
[SourceDate "1994.03.01"]
[SourceVersion "1"]
[SourceVersionDate "1994.03.01"]
[SourceQuality "1"]

1. e4 e5 2. Nf3 Nf6 3. Nxe5 d6 4. Nf3 Nxe4 5. c4 Nc6 6. Nc3 Nxc3 7. bxc3 Be7 8. Be2 0-0 9. 0-0 Bf6 10. d4 Na5 11. Bf4 Re8 12. Nd2 c5 13. Nb3 Bf5 14. Bd3 Bxd3 15. Qxd3 cxd4 16. cxd4 d5 17. c5 Re4 18. Be3 Nc4 19. Nd2 Nxd2 20. Qxd2 b6 21. Rac1 Rc8 22. Qd3 h6 23. Rfd1 Re6 24. h3 Rec6 25. Qa3 Qe7 26. Re1 Qc7 27. cxb6 axb6 28. Rxc6 Qxc6 29. Rc1 Qa8 30. Rxc8+ Qxc8 31. Qb4 Qe6 32. a4 Be7 33. Qb5 Bd6 34. Kf1 Bc7 35. Ke2 f5 36. Kd1 f4 37. Bd2 Qe4 38. Qc6 Qb1+ 39. Bc1 Qd3+ 40. Ke1 Qe4+ 41. Kf1 Qxd4 42. Kg1 Qe5 43. Bb2 Qxb2 44. Qxc7 Qa1+ 45. Kh2 Qxa4 46. Qc8+ Kf7 47. Qf5+ Ke7 48. Qe5+ Kd8 49. Qxg7 Qc6 50. Qf8+ Kd7 51. Qf7+ Kc8 52. Qf8+ Kd7 53. Qf7+ Kc8 54. Qf8+ 1/2-1/2

[Event "Noviki"]
[Site "Budapest"]
[Date "1988.??.??"]
[Round "?"]
[White "Perenyi, Bela"]
[Black "Mikhalchishin, Adrian"]
[Result "1/2-1/2"]
[WhiteElo "2455"]
[BlackElo "2480"]
[PlyCount "61"]
[EventDate "1988.09.??"]
[EventType "tourn"]
[EventRounds "9"]
[EventCountry "HUN"]
[EventCategory "8"]
[SourceTitle "CBM 009"]
[Source "ChessBase"]
[SourceDate "1989.04.01"]
[SourceVersion "1"]
[SourceVersionDate "1989.04.01"]
[SourceQuality "1"]

1. e4 e5 2. Nf3 Nc6 3. Bb5 Nf6 4. 0-0 Bc5 5. Nxe5 Nxe5 6. d4 a6 7. Ba4 Nxe4 8. Qe2 Be7 9. Qxe4 Ng6 10. f4 0-0 11. f5 d5 12. Qd3 Nh4 13. g3 c5 14. gxh4 b5 15. Bg5 Bxg5 16. hxg5 Qxg5+ 17. Qg3 Qxg3+ 18. hxg3 bxa4 19. dxc5 Bd7 20. Nc3 Rac8 21. Rad1 Rxc5 22. Nxd5 Re8 23. Rf2 h5 24. b4 axb3 25. axb3 Bc6 26. Nb4 Re3 27. Nxc6 Rxc6 28. Kh2 Rec3 29. Rdd2 Kh7 30. Kh3 Kh6 31. Rd7 1/2-1/2

[Event "St Ingbert op"]
[Site "St Ingbert"]
[Date "1988.??.??"]
[Round "7"]
[White "Perenyi, Bela"]
[Black "Palos, Osman"]
[Result "1-0"]
[WhiteElo "2455"]
[BlackElo "2350"]
[PlyCount "121"]
[EventDate "1988.08.20"]
[EventType "swiss"]
[EventRounds "9"]
[EventCountry "GER"]
[SourceTitle "EXT 2002"]
[Source "ChessBase"]
[SourceDate "2001.11.25"]
[SourceVersion "1"]
[SourceVersionDate "2001.11.25"]
[SourceQuality "1"]

1. e4 e5 2. Nf3 Nc6 3. Bb5 Bc5 4. 0-0 Nd4 5. Nxd4 Bxd4 6. c3 Bb6 7. d3 c6 8. Ba4 d6 9. Nd2 Ne7 10. Nc4 Bc7 11. Ne3 d5 12. Nxd5 Nxd5 13. exd5 Qxd5 14. Bb3 Qd6 15. f4 0-0 16. fxe5 Qxe5 17. Bf4 Qe7 18. Qe1 Be6 19. Bxc7 Qxc7 20. Bxe6 fxe6 21. Qxe6+ Kh8 22. Rxf8+ Rxf8 23. Rf1 Qb6+ 24. d4 Rxf1+ 25. Kxf1 h6 26. Qe2 Qa5 27. Qe8+ Kh7 28. Qe4+ Kh8 29. a3 Qb5+ 30. Qe2 Qf5+ 31. Kg1 Qb1+ 32. Kf2 Qc1 33. h3 Qf4+ 34. Kg1 Qc1+ 35. Kh2 Qf4+ 36. g3 Qb8 37. c4 Kg8 38. Kg2 a6 39. h4 Kh8 40. d5 cxd5 41. cxd5 Qc7 42. Qe8+ Kh7 43. Qe4+ Kh8 44. b4 Qc1 45. Qd3 Kg8 46. d6 Qc6+ 47. Kf2 Qd7 48. Qd5+ Qf7+ 49. Qxf7+ Kxf7 50. Kf3 Ke6 51. Kg4 Kxd6 52. Kf5 Ke7 53. Kg6 Kf8 54. a4 b6 55. b5 axb5 56. axb5 Kg8 57. Kf5 Kf7 58. Ke5 Kg6 59. Kd5 Kf5 60. Kc6 Kg4 61. h5 1-0

[Event "Balatonbereny op"]
[Site "Balatonbereny"]
[Date "1988.??.??"]
[Round "5"]
[White "Perenyi, Bela"]
[Black "Radosavljevic, Slobodan D"]
[Result "1/2-1/2"]
[WhiteElo "2370"]
[BlackElo "2280"]
[PlyCount "64"]
[EventDate "1988.09.??"]
[EventType "swiss"]
[EventRounds "10"]
[EventCountry "HUN"]
[SourceTitle "TD"]
[Source "ChessBase"]
[SourceDate "1994.03.01"]
[SourceVersion "1"]
[SourceVersionDate "1994.03.01"]
[SourceQuality "1"]

1. e4 c5 2. Nf3 Nc6 3. d4 cxd4 4. Nxd4 g6 5. Nc3 Bg7 6. Be3 Nf6 7. Bc4 0-0 8. Bb3 a5 9. a4 Ng4 10. Qxg4 Nxd4 11. Qh4 e6 12. Qxd8 Rxd8 13. 0-0-0 Nxb3+ 14. cxb3 d5 15. Bd4 dxe4 16. Bxg7 Rxd1+ 17. Rxd1 Kxg7 18. Nxe4 b6 19. Nd6 Ba6 20. Kc2 Kf8 21. b4 axb4 22. Kb3 Rd8 23. Rd2 Ke7 24. Ne4 Bd3 25. f3 f5 26. Nf2 Bc4+ 27. Kc2 Bb3+ 28. Kc1 Rc8+ 29. Kb1 Bxa4 30. Nd3 Rd8 31. Kc1 Rc8+ 32. Kb1 Rd8 1/2-1/2

[Event "Saint John op-2"]
[Site "Saint John"]
[Date "1988.??.??"]
[Round "?"]
[White "Perenyi, Bela"]
[Black "Russek Libni, Guil"]
[Result "1-0"]
[WhiteElo "2370"]
[BlackElo "2305"]
[PlyCount "67"]
[EventDate "1988.02.08"]
[EventType "swiss"]
[EventRounds "9"]
[EventCountry "CAN"]
[SourceTitle "CBM 006"]
[Source "ChessBase"]
[SourceDate "1988.10.01"]
[SourceVersion "1"]
[SourceVersionDate "1988.10.01"]
[SourceQuality "1"]

1. e4 e6 2. d4 d5 3. Nc3 Nc6 4. e5 f6 5. Bb5 Bb4 6. Nf3 Bd7 7. 0-0 Qe7 8. a4 Qf7 9. Ne2 Bf8 10. Re1 Nge7 11. Nf4 0-0-0 12. Nd3 Ng6 13. c3 Nb8 14. Bxd7+ Nxd7 15. b4 Kb8 16. a5 f5 17. Qa4 Qe8 18. a6 b5 19. Qxb5+ Nb6 20. Qxe8 Rxe8 21. Nc5 h6 22. h4 Rh7 23. h5 Nh8 24. Nh4 Be7 25. Ng6 Bg5 26. Nxe6 Rxe6 27. Nf8 Re8 28. Nxh7 Bxc1 29. Raxc1 Nf7 30. e6 Nd6 31. e7 Nbc8 32. Nf8 Rxe7 33. Rxe7 Nxe7 34. Re1 1-0

[Event "St Ingbert op"]
[Site "St Ingbert"]
[Date "1988.??.??"]
[Round "1"]
[White "Perenyi, Bela"]
[Black "Zimmer, Hans Werner"]
[Result "1-0"]
[WhiteElo "2455"]
[BlackElo "1872"]
[PlyCount "107"]
[EventDate "1988.08.20"]
[EventType "swiss"]
[EventRounds "9"]
[EventCountry "GER"]
[SourceTitle "EXT 2002"]
[Source "ChessBase"]
[SourceDate "2001.11.25"]
[SourceVersion "1"]
[SourceVersionDate "2001.11.25"]
[SourceQuality "1"]

1. e4 e5 2. Nf3 Nc6 3. Bb5 f5 4. Nc3 fxe4 5. Nxe4 Nf6 6. Qe2 d5 7. Ng3 Bd6 8. Nxe5 0-0 9. Nxc6 bxc6 10. Bxc6 Rb8 11. 0-0 Rb6 12. Ba4 Ng4 13. d4 Qh4 14. h3 Nxf2 15. Rxf2 Rxf2 16. Qxf2 Bxg3 17. Qf3 Be6 18. Be3 Bd6 19. Rf1 Rb8 20. Bf2 Qg5 21. Qe3 Qg6 22. Bb3 c6 23. Re1 Bf5 24. c3 Kh8 25. Bh4 Be4 26. Qg5 Qe6 27. Qg4 Qxg4 28. hxg4 Rf8 29. Bd1 h6 30. Bf3 Bxf3 31. gxf3 g5 32. Re6 Rxf3 33. Rxd6 gxh4 34. Rxh6+ Kg7 35. Rxh4 Rd3 36. Rh2 Kg6 37. Rg2 Kg5 38. Kf2 Rd1 39. Ke3 Ra1 40. b3 Rc1 41. Kd3 Rd1+ 42. Kc2 Ra1 43. Kb2 Rd1 44. Ka3 Rd3 45. Kb4 a5+ 46. Kxa5 Rxc3 47. Kb6 Rd3 48. Kxc6 Rxd4 49. Kc5 Rd3 50. b4 Rd1 51. b5 d4 52. a4 Ra1 53. Kxd4 Rxa4+ 54. Kc5 1-0

[Event "St Ingbert op"]
[Site "St Ingbert"]
[Date "1988.??.??"]
[Round "4"]
[White "Pytel, Krzysztof"]
[Black "Perenyi, Bela"]
[Result "1/2-1/2"]
[WhiteElo "2395"]
[BlackElo "2455"]
[PlyCount "131"]
[EventDate "1988.08.20"]
[EventType "swiss"]
[EventRounds "9"]
[EventCountry "GER"]
[SourceTitle "EXT 2002"]
[Source "ChessBase"]
[SourceDate "2001.11.25"]
[SourceVersion "1"]
[SourceVersionDate "2001.11.25"]
[SourceQuality "1"]

1. Nf3 c5 2. c4 g6 3. d4 Nf6 4. Nc3 Bg7 5. e4 0-0 6. dxc5 Na6 7. Bd3 Nxc5 8. Bc2 d6 9. h3 Be6 10. Qe2 Rc8 11. Bd2 a6 12. Rb1 b5 13. cxb5 axb5 14. Qxb5 d5 15. exd5 Nxd5 16. 0-0 Nxc3 17. Bxc3 Bxc3 18. bxc3 Bxa2 19. Rb4 Ne6 20. Bb3 Rc5 21. Qe2 Bxb3 22. Rxb3 Qd5 23. Ra3 Rfc8 24. Qe3 Qd6 25. Re1 Rc4 26. Rb3 Qc5 27. Nd4 Nc7 28. Qxe7 Re8 29. Qxe8+ Nxe8 30. Rxe8+ Kg7 31. Rb7 Kf6 32. Rb3 Rxc3 33. Rxc3 Qxc3 34. Nf3 g5 35. Re3 Qb2 36. g4 Kg6 37. Re5 f6 38. Rf5 h5 39. Nh2 Qe2 40. Rf3 Qe1+ 41. Kg2 Qe4 42. Kg1 Kf7 43. Kf1 Qb1+ 44. Kg2 Ke6 45. Nf1 Qb7 46. Nh2 f5 47. gxf5+ Kf6 48. Kg1 Qe4 49. Re3 Qb1+ 50. Nf1 Kxf5 51. Kg2 Qb7+ 52. Kg1 Qc6 53. Nh2 Qd5 54. Nf1 Kf6 55. Ng3 h4 56. Nf1 Qd1 57. Kg2 g4 58. Nh2 Qd5+ 59. Kg1 gxh3 60. Rxh3 Kf5 61. Nf3 Kg4 62. Rxh4+ Kxf3 63. Rh3+ Ke2 64. Re3+ Kd2 65. Rg3 Qe4 66. Re3 1/2-1/2

[Event "Saint John op-1"]
[Site "Saint John"]
[Date "1988.??.??"]
[Round "?"]
[White "Rodriguez, Daniel Mauricio"]
[Black "Perenyi, Bela"]
[Result "0-1"]
[WhiteElo "2465"]
[BlackElo "2370"]
[PlyCount "80"]
[EventDate "1988.01.24"]
[EventType "swiss"]
[EventRounds "9"]
[EventCountry "CAN"]
[SourceTitle "CBM 006"]
[Source "ChessBase"]
[SourceDate "1988.10.01"]
[SourceVersion "1"]
[SourceVersionDate "1988.10.01"]
[SourceQuality "1"]

1. e4 c5 2. Ne2 d6 3. g3 g6 4. Bg2 Bg7 5. 0-0 Nc6 6. c3 e5 7. d3 Nf6 8. h3 0-0 9. d4 exd4 10. cxd4 Nd7 11. dxc5 dxc5 12. Nbc3 Nde5 13. Nd5 c4 14. Qc2 Be6 15. Bd2 Rc8 16. Bc3 Bxd5 17. exd5 Ne7 18. Nf4 Nf5 19. Rfe1 Re8 20. Rad1 b5 21. Ne6 Qd6 22. Nxg7 Nxg7 23. Qe4 f6 24. Qf4 b4 25. Bd4 Nf5 26. Bxa7 Re7 27. Bd4 c3 28. bxc3 bxc3 29. Bxe5 Rxe5 30. Rf1 c2 31. Rc1 Qc5 32. Kh1 Qd4 33. Qf3 Rc3 34. Qg4 Qxg4 35. hxg4 Nd4 36. d6 Kf8 37. f4 Ree3 38. d7 Ke7 39. Kh2 Kxd7 40. Bd5 Ne2 0-1